000
00203nam a2200073Ia 4500
008
170817s9999 xx 000 0 und d
100
_a
Soni. Ram Gopal
245
0
_a
Udyonumukh Bhartiya Samaj Mein Shikshak
260
_b
H. P. BHARGAVA AGRA
999
_c
39794
_d
39794